L'amo de Lon Magraner (Record no. 40623)

MARC details
000 -LEADER
campo de control de longitud fija 00589nam a2200193 i 4500
001 - NÚMERO DE CONTROL
campo de control 40623
003 - IDENTIFICADOR DE NÚMERO DE CONTROL
campo de control ES-MaACL
005 - FECHA Y HORA DE LA ÚLTIMA TRANSACCIÓN
campo de control 20230906160254.0
007 - CAMPO FIJO DE DESCRIPCIÓN FÍSICA--INFORMACIÓN GENERAL
campo de control de longitud fija t|
008 - DATOS DE LONGITUD FIJA--INFORMACIÓN GENERAL
campo de control de longitud fija 030306s1952 sp ||||1| cat d
100 1# - ENTRADA PRINCIPAL--NOMBRE DE PERSONA
Nombre de persona Capelláa, Pedro.
9 (RLIN) 126321
245 12 - MENCIÓN DEL TÍTULO
Título L'amo de Lon Magraner
Resto del título : comèdia en tres actes /
Mención de responsabilidad, etc. Pere Capellá.
260 ## - PUBLICACIÓN, DISTRIBUCIÓN, ETC.
Lugar de publicación, distribución, etc. Palma de Mallorca :
Nombre del editor, distribuidor, etc. Moll,
Fecha de publicación, distribución, etc. 1952 (
Fabricante Miramar)
300 ## - DESCRIPCIÓN FÍSICA
Extensión 143 p. ;
Dimensiones 15 cm.
490 1# - MENCIÓN DE SERIE
Mención de serie Biblioteca les illes d'or ;
Designación de volumen o secuencia 47
830 0# - PUNTO DE ACCESO ADICIONAL DE SERIE-TÍTULO UNIFORME
Título uniforme Biblioteca les illes d'or ;
Designación de volumen o secuencia 47
9 (RLIN) 181514
852 ## - LOCALIZACIÓN
Ubicación ES-MaACL
Número de control de estantería D-7512
Sublocalización o colección R.32369
Holdings
Estatus retirado Estado de pérdida Estado de daño No para préstamo Biblioteca de origen Biblioteca actual Ubicación en estantería Fecha de adquisición Fuente de adquisición Total de préstamos Signatura topográfica completa Código de barras Visto por última vez Precio de reemplazo Tipo de ítem Koha
        Biblioteca del Ateneo de Madrid Biblioteca del Ateneo de Madrid Sala Valle Inclán 17/01/2008     D-7512 901042768 23/02/2023 23/02/2023 Libro impreso